[Event "Parana-ch"]
[Site "Curitiba"]
[Date "2018.11.24"]
[Round "5"]
[White "Melo, Sergio Roberto Samp"]
[Black "Jaruga, Rodolfo Brandao De"]
[Result "0-1"]
[WhiteElo "1749"]
[BlackElo "1619"]
[PlyCount "96"]
[EventDate "2018.11.22"]
[EventType "swiss"]
[EventRounds "7"]
[EventCountry "BRA"]
[SourceTitle "CBM 187 Extra"]
[Source "ChessBase"]
[SourceDate "2018.11.04"]
[SourceVersion "1"]
[SourceVersionDate "2018.11.04"]
[SourceQuality "1"]

1. Nf3 c5 2. b3 d5 3. Bb2 Nc6 4. g3 Bf5 5. Bg2 Nf6 6. 0-0 e6 7. d3 Be7 8. Nbd2 0-0 9. Re1 d4 10. Nc4 Qc7 11. a4 h5 12. e4 Bg4 13. Bc1 Nd7 14. h3 Bxf3 15. Bxf3 h4 16. Bf4 e5 17. Bd2 hxg3 18. fxg3 f5 19. exf5 g6 20. Bd5+ Kg7 21. Qg4 Rxf5 22. Qe2 Bd6 23. Be4 Rf6 24. Bg5 Rf7 25. Qg4 Nf6 26. Bh6+ Kh8 27. Qh4 Nxe4 28. Rxe4 Be7 29. Qg4 Rg8 30. Rae1 Kh7 31. Bg5 Bxg5 32. Qxg5 Rf5 33. Rh4+ Kg7 34. Qh6+ Kf6 35. Qd2 e4 36. Qg2 e3 37. Rf1 Qd7 38. Rhf4 Kg7 39. g4 Rxf4 40. Rxf4 Rf8 41. Rxf8 Kxf8 42. Qf3+ Kg7 43. Kf1 Nb4 44. Na3 b6 45. Ke2 Nd5 46. Nb1 Qd6 47. Kd1 Qe5 48. Kc1 e2 0-1

[Event "Parana-ch"]
[Site "Curitiba"]
[Date "2018.11.22"]
[Round "1"]
[White "Jaruga, Rodolfo Brandao De"]
[Black "Oliveira, Jonathan De"]
[Result "0-1"]
[WhiteElo "1619"]
[BlackElo "2196"]
[PlyCount "68"]
[EventDate "2018.11.22"]
[EventType "swiss"]
[EventRounds "7"]
[EventCountry "BRA"]
[SourceTitle "CBM 187 Extra"]
[Source "ChessBase"]
[SourceDate "2018.11.04"]
[SourceVersion "1"]
[SourceVersionDate "2018.11.04"]
[SourceQuality "1"]

1. e4 e5 2. f4 exf4 3. Nf3 h6 4. d4 g5 5. Bc4 d6 6. g3 g4 7. Bxf4 gxf3 8. Qxf3 Qf6 9. e5 dxe5 10. dxe5 Qf5 11. Nc3 Bb4 12. 0-0-0 Bxc3 13. Qxc3 Be6 14. Bd3 Qh5 15. Qxc7 Nd7 16. Qxb7 Rd8 17. Bd2 Ne7 18. Bb4 Bd5 19. Qxa7 Nc6 20. Qa3 Bxh1 21. Rxh1 Ndxe5 22. Bb5 f6 23. Qa6 Qf3 24. Re1 Kf7 25. Bc3 Rhf8 26. Be2 Qe3+ 27. Kb1 Kg7 28. Qa4 Qxe2 29. a3 Rd1+ 30. Rxd1 Qxd1+ 31. Ka2 Qg4 32. Qb5 Rb8 33. Qc5 Qc4+ 34. Qxc4 Nxc4 0-1